[Event "DOM-chT"]
[Site "Santiago de los Caballeros"]
[Date "2017.08.17"]
[Round "1.1"]
[White "Valoy Castillo, Porfirio"]
[Black "Mendez, Ruddy Antonio"]
[Result "0-1"]
[WhiteElo "1957"]
[BlackElo "2083"]
[PlyCount "80"]
[EventDate "2017.08.17"]
[EventType "team-swiss"]
[EventRounds "6"]
[EventCountry "DOM"]
[SourceTitle "EXT 2019"]
[Source "ChessBase"]
[SourceDate "2018.10.10"]
[SourceVersion "1"]
[SourceVersionDate "2018.10.10"]
[SourceQuality "1"]
[WhiteTeam "Altagracia"]
[BlackTeam "San Juan de la Maguana"]
[WhiteTeamCountry "DOM"]
[BlackTeamCountry "DOM"]

1. e4 Nf6 2. Nc3 e5 3. Bc4 Bc5 4. d3 h6 5. Nf3 Nc6 6. Be3 Bxe3 7. fxe3 d6 8. 0-0 Na5 9. Bb3 Nxb3 10. axb3 0-0 11. Nd5 Nh7 12. Qd2 c6 13. Nc3 Qe7 14. Na4 Bg4 15. Rae1 f5 16. exf5 Rxf5 17. e4 Rf7 18. Qe3 Raf8 19. Nd2 Qh4 20. Rxf7 Rxf7 21. Rf1 Rxf1+ 22. Nxf1 Ng5 23. Qxa7 Qe1 24. Qb8+ Kh7 25. Qxd6 Be2 26. Qf8 Nf3+ 27. Qxf3 Bxf3 28. gxf3 Qd1 29. Kf2 Qxc2+ 30. Ke3 Qxb3 31. Nc3 Qxb2 32. Ne2 g5 33. Nfg3 b5 34. Nf5 b4 35. d4 Qa3+ 36. Kf2 b3 37. dxe5 Qc5+ 38. Ned4 b2 39. e6 b1Q 40. e7 Qb2+ 0-1